Fr. Conceicao Rodrigues College of Engineering

Object oriented Programming Methodology (Record no. 26863)

MARC details
000 -LEADER
fixed length control field 00366nam a2200157Ia 4500
082 ## - DEWEY DECIMAL CLASSIFICATION NUMBER
Classification number 5.101
Item number RAD
100 ## - MAIN ENTRY--PERSONAL NAME
Personal name Radhashankarmani/ Swati Ringe
245 ## - TITLE STATEMENT
Title Object oriented Programming Methodology
260 ## - PUBLICATION, DISTRIBUTION, ETC.
Name of publisher, distributor, etc. Dreamtech Press
Date of publication, distribution, etc. 2013
366 ## - TRADE AVAILABILITY INFORMATION
Publishers's discount category 27
300 ## - PHYSICAL DESCRIPTION
Extent 441
546 ## - LANGUAGE NOTE
Language note ENGLISH
-- Computers
650 ## - SUBJECT ADDED ENTRY--TOPICAL TERM
Topical term or geographic name entry element Object oriented
942 ## - ADDED ENTRY ELEMENTS (KOHA)
Koha item type BOOK
Holdings
Withdrawn status Lost status Damaged status Not for loan Collection Home library Current library Date acquired Source of acquisition Cost, normal purchase price Inventory number Total Checkouts Full call number Barcode Date last seen Cost, replacement price Price effective from Koha item type Date last checked out
        CRC Fr. Agnel's C.Rodrigues College of Engineering Fr. Agnel's C.Rodrigues College of Engineering 17/03/2023 Allied Publishers 291.27 615 dt 29.07.2015   5.101 RAD 23745 17/03/2023 399.00   BOOK  
        CRC Fr. Agnel's C.Rodrigues College of Engineering Fr. Agnel's C.Rodrigues College of Engineering 17/03/2023 Allied Publishers 291.27 615 dt 29.07.2015   5.101 RAD 23746 17/03/2023 399.00   BOOK  
        CRC Fr. Agnel's C.Rodrigues College of Engineering Fr. Agnel's C.Rodrigues College of Engineering 17/03/2023 Allied Publishers 291.27 615 dt 29.07.2015   5.101 RAD 23747 17/03/2023 399.00   BOOK  
        CRC Fr. Agnel's C.Rodrigues College of Engineering Fr. Agnel's C.Rodrigues College of Engineering 17/03/2023 Allied Publishers 291.27 615 dt 29.07.2015   5.101 RAD 23749 17/03/2023 399.00   BOOK  
        CRC Fr. Agnel's C.Rodrigues College of Engineering Fr. Agnel's C.Rodrigues- College of Engineering 17/03/2023 Allied Publishers 291.27 615 dt 29.07.2015 1 5.101 RAD 23748 26/07/2023 399.00   BOOK 18/07/2023